000 00682ngm a22002650a 4500
001 PT19559
003 AR-LpoUNG
005 20210202000316.0
007 vd cvaizq
008 191001suuuu||||ag |||||||||||||||||spa d
040 _aAR-LpoUNG
_bspa
_cAR-LpoUNG
_eaacr
044 _aag
082 0 _a822.33 527wil
245 1 0 _aWilliam Shakespeare
260 _aBuenos Aires :
_bBlackman,
_cs.f.
300 _aVHS (35 min.) : son., col.
505 0 _aPertenece a la colección Artes y Atistas vol. 4 Literatura
650 4 _aBIOGRAFIAS
653 _aCINE
653 _aVHS
653 _aVIDEOS
710 2 _aBlackman (firma comercial)
905 _a19559
942 _cVIDEO
999 _c54589
_d54589